| 000 | 00815nam a2200253 4500 | ||
|---|---|---|---|
| 003 | OSt | ||
| 005 | 20240614062415.0 | ||
| 006 | a | ||
| 008 | 240614b |||||||| |||| 00| 0 eng d | ||
| 020 | _a9780470640081 | ||
| 040 |
_aDWCL-Main lib. _cOC |
||
| 082 | _aCirc. 371.207 S339e 2011 | ||
| 100 | _aSchlechty, Phillip C. | ||
| 245 | _aEngaging students : the next level of working on the work / | ||
| 260 |
_aSan Francisco : _bJossey-Bass, _cc2011. |
||
| 300 |
_axi, _b212 p. : ill. ; _c23 cm. |
||
| 504 | _ancludes bibliographical references & index. | ||
| 650 | _a1. School improvement programs–U.S. | ||
| 650 | _a2. Academic achievement–U.S. | ||
| 650 | _a3. Curriculum change–U.S. | ||
| 650 | _a4. School environment–U.S. | ||
| 700 | _aPhillip C. Schlechty | ||
| 942 |
_2ddc _n0 _cBK-CIRC _kCirc. |
||
| 999 |
_c708 _d708 |
||